| 000 | 00624nam a2200217Ii 4500 | ||
|---|---|---|---|
| 003 | JO-AjNU | ||
| 008 | 230606s9999||||xx |||||||||||||| ||und|| | ||
| 020 | _a978-0-14-310629-6 | ||
| 040 |
_aJO-AjNU _beng _erda _cJO-AjNU |
||
| 041 | _aeng | ||
| 050 | 1 | 4 | _aPA6807.A5.F53 2006 |
| 100 | 3 |
_aFagles,Robert تأليف/Knox,Bernard م.مشارك, _eauthor _92290 |
|
| 245 | 0 | 0 | _aVirgil The Aeneid |
| 250 | _a1 ed | ||
| 264 | 3 | 1 | _aUSA:Penguin Group,2006 |
| 300 | _a484p | ||
| 336 |
_atext _btxt _2rdacontent |
||
| 337 |
_aunmediated _bn _2rdamedia |
||
| 338 |
_avolume _bnc _2rdacarrier |
||
| 650 | 4 |
_aVirgil The Aeneid _92291 |
|
| 999 |
_aE1198 _c1198 _d1198 |
||